|
|
|
|
| LEADER |
00000nam a2200000 a 4500 |
| 001 |
vtls008691346 |
| 003 |
SK-MaSNL |
| 005 |
20260331204720.0 |
| 008 |
060418s2003 xo o g 000 0bslo |
| 015 |
|
|
|a SNBA2006/05-02888
|
| 020 |
|
|
|a 8088704588 (brož.)
|
| 040 |
|
|
|a SNK
|b slo
|c SNK
|e AACR2
|
| 041 |
0 |
|
|a slo
|
| 043 |
|
|
|a e-xo---
|
| 044 |
|
|
|a xo
|c SK
|
| 072 |
|
7 |
|a 929
|x Biografie
|2 konspekt
|
| 072 |
|
7 |
|a 27
|x Kresťanstvo. Kresťanská cirkev všeobecne. Ekleziológia
|2 konspekt
|
| 080 |
|
|
|a 272-726.3
|2 2001
|
| 080 |
|
|
|a 322
|2 2001
|
| 080 |
|
|
|a (437.6)
|2 2001
|
| 080 |
|
|
|a (092)
|2 2001
|
| 080 |
|
|
|a 27-674.5
|2 2001
|
| 100 |
1 |
|
|a Misál, Stanislav,
|d 1976-
|4 pht
|9 337793
|
| 245 |
1 |
0 |
|a Život a dielo Mons. ThDr. Štefana Náhalku
|c Stanislav Misál ; [autori fotografií: Stanislav Misál ... [et a.]]
|
| 250 |
|
|
|a [1. vyd.]
|
| 260 |
|
|
|a Levoča
|b Polypress
|c 2003
|
| 300 |
|
|
|a 151 s.
|b fotogr.
|c 21 cm
|
| 500 |
|
|
|a Fotogr. na front.
|
| 504 |
|
|
|a Bibliogr. odkazy. Bibliogr. Štefana Náhalku. Pozn. Použité skrat.
|
| 600 |
1 |
7 |
|a Náhalka, Štefan,
|d 1916-1975
|2 SNKMA
|9 62329
|
| 648 |
|
7 |
|a 20. stor.
|2 SNKPH
|9 275975
|
| 650 |
0 |
7 |
|a katolícki kňazi
|2 SNKPH
|9 1290
|
| 650 |
0 |
7 |
|a náboženská perzekúcia
|2 SNKPH
|9 68303
|
| 650 |
0 |
7 |
|a štát a cirkev
|2 SNKPH
|9 4233
|
| 651 |
|
7 |
|a Slovensko
|2 SNKPH
|9 14231
|
| 655 |
|
7 |
|a biografie
|2 SNKPH
|9 27965
|
| 919 |
|
|
|a 80-88704-58-8
|
| 958 |
|
|
|a OND
|
| 999 |
|
|
|c 910264
|d 912194
|
| 952 |
|
|
|a SNK
|b SNK
|y PREZ
|7 0
|p 17A0505654
|o snkSC 123400
|i snk2006/7787
|8 0
|0 0
|1 0
|4 0
|d 2006-04-18
|l 0
|r 2025-06-04 00:00:00
|w 2026-02-24
|
| 952 |
|
|
|a SNK
|b SNK
|y VYP
|7 0
|p 17A0623636
|o snkSC 123400 D1
|i snk2009/10941
|8 1
|0 0
|1 0
|4 0
|d 2009-06-29
|l 0
|r 2026-02-24 07:41:22
|w 2026-02-24
|